Facts about the U.S. Constitution - Statistics

General Stats
  • This quiz has been taken 123 times
  • The average score is 13 of 17
Answer Stats
Hint Answer % Correct
How Many amendments are there? 27
97%
Protections of the first amendment Speech
92%
The 2 chambers of Congress Senate
83%
What are the first 10 amendments called? Bill of Rights
82%
The 3 branches of government Executive
80%
The 2 chambers of Congress House of Representatives
80%
Protections of the first amendment Religion
80%
The 3 branches of government Judicial
78%
The 3 branches of government Legislative
78%
Protections of the first amendment Press
75%
Protections of the first amendment Assembly
72%
Who is the president of the Senate? The Vice President
72%
How is the president elected? Electoral College
71%
Who's considered the father of the Constitution? James Madison
66%
When was the Constitution ratified (when 9 states signed)? 1788
65%
Protections of the first amendment Petition
55%
When was the last amendment ratified? May 7, 1992
42%
No matching quizzes found
Score Distribution
Percent of People with Each Score
Percentile by Number Answered
Your Score History
You have not taken this quiz